Statistics for Musicals! - Songs by BAD SYNONYM

Click here to take the quiz!

General Stats

  • This quiz has been taken 273 times
    (231 since last reset)
  • The average score is 20 of 37

Answer Stats

MusicalBad SynonymSong Name% Correct
Beauty and the beastBe our visitorBe our Guest
100%
AnnieThe day after todayTomorrow
98%
The Lion KingThe ring of exsistanceThe Circle of Life
97%
West Side StoryU.S.AAmerica
91%
Little Shop of HorrorsTooth doctor!Dentist!
85%
WickedWell-likedPopular
85%
CatsRecollectionMemory
84%
HamiltonThe chamber where it occuredThe Room where it Happened
84%
GreaseLubricated electrical dischargeGreased Lightning
81%
BeetlejuiceSpeak my AliasSay my Name
81%
HairsprayYou cannot prevent the musical rhythmYou can't Stop the Beat
79%
The Sound of MusicMy best-liked whatchamacallitMy Favourite Things
76%
HeathersRefrigerate your skull-contained organFreeze your Brain
74%
The Wizard of OzBeyond the meteorological phenomenonSomewhere over the Rainbow
71%
NewsiesThe globe will be informedThe World Will Know
69%
Mamma MiaI possess a cherished aspirationI have a Dream
67%
Les MisBarren seats at barren countersEmpty Chairs at Empty Tables
60%
RentAnnual phases of adorationSeasons of Love
59%
Guys and dollsGood fortune be a dameLuck be a Lady
56%
ChicagoMr. Thin Transparent PlasticMr. Cellophane
54%
The Rocky Horror ShowGosh darn it, JanetDamn it, Janet
47%
Sweeney ToddThe most substandard pastries in LondonThe Worst Pies in London
42%
Dear Evan HansenTo accustomise a gauntletTo Break in a Glove
40%
The Phantom of the OperaThe instance of not going backThe Point of No Return
39%
Avenue QOn the condition that you were a homosexualIf you were Gay
38%
Natasha Pierre and the Great CometWritten communicatonsLetters
34%
Fiddler on the RoofInherited customTradition
32%
The Book of MormonDisconnect itTurn it Off
31%
HadestownWhy do we construct the barrier?Why do we Build the Wall?
30%
The Music ManYou have inconveniences!Ya got Trouble!
21%
The Grinning ManChuckling is the best remedyLaughter is the best Medicine
20%
UrinetownIt is an entitlement to pass waterIt's a Privilege to Pee
14%
Be More ChillThe handset occasionThe Smartphone Hour
13%
EvitaAh, such shenaniginsOh, what a circus
11%
CabaretI own the next dayTomorrow belongs to Me
8%
Jesus Christ SuperstarExcommunicated for foreverDamned for all Time
5%
Ghost QuartetVarious forms of the deceasedAny kind of Dead Person
3%

Score Distribution

Percentile by Number Answered

Percent of People with Each Score

Your Score History

You have not taken this quiz since the last reset